Employment policy beyond the crisis social Europe guide
Enregistré dans:
| Collectivité auteur: | |
|---|---|
| Format: | Livre |
| Langue: | anglais |
| Publié: |
Luxembourg
Publications Office of the European Union
2014
|
| Collection: | Social Europe
|
| Sujets: | |
| Tags: |
Pas de tags, Soyez le premier à ajouter un tag!
|
MARC
| LEADER | 00000nam a2200000 4500 | ||
|---|---|---|---|
| 001 | 0193819 | ||
| 005 | 20240313132847.7 | ||
| 020 | |a 978-92-79-39273-3 | ||
| 022 | |a 1977-2343 | ||
| 041 | 0 | |a eng | |
| 044 | |a LU | ||
| 245 | 1 | 0 | |a Employment policy beyond the crisis |b social Europe guide |
| 264 | 1 | |a Luxembourg |b Publications Office of the European Union |c 2014 | |
| 300 | |a 88 s. | ||
| 490 | 1 | |a Social Europe | |
| 830 | 0 | |a Social Europe | |
| 610 | 2 | 0 | |a politika zamestnanosti |
| 610 | 2 | 0 | |a kríza hospodárska |
| 610 | 2 | 0 | |a nezamestnanosť |
| 610 | 2 | 0 | |a trh práce |
| 610 | 2 | 0 | |a mládež |
| 610 | 2 | 0 | |a únie menové |
| 610 | 2 | 0 | |a únie hospodárske |
| 710 | 2 | |a European Commission. Directorate-General for Employment, Social Affairs and Inclusion | |